00595nam a22001697a 45000050017000000200025000170370013000420820006000552450056000612600030001172700148001473000033002954900037003285000023003659420020003889990017004082012011110001200 a9788179635490c45.00 aDPLbPUB aS aThe Pied Piper of Hamelin ; Beauty And The Beast / aMumbaibShree Book Centre a8 kakad industrial Estate-S.Keer Road (off.L.J. Road matunga westbMumbaie400016k24377513/24374559l91-22-24309183msales@shreebookcentre.com aunpagedbCol.illc23cm (pbk) aMy Best Loved fairy Tales938846 a2 in 1 Large Print 2ddccCHhSmPIE c60673d60673